Doing Human Service Ethnography (Record no. 92978)

MARC details
000 -LEADER
fixed length control field 01710nam a2200289Ii 4500
008 - FIXED-LENGTH DATA ELEMENTS--GENERAL INFORMATION
fixed length control field 221202s xx 000 0 und d
245 #0 - TITLE STATEMENT
Title Doing Human Service Ethnography
264 #1 - PRODUCTION, PUBLICATION, DISTRIBUTION, MANUFACTURE, AND COPYRIGHT NOTICE
Place of production, publication, distribution, manufacture Bristol
Name of producer, publisher, distributor, manufacturer Policy Press
Date of production, publication, distribution, manufacture, or copyright notice 2021
300 ## - PHYSICAL DESCRIPTION
Extent 1 online resource (242 pages)
336 ## - CONTENT TYPE
Content type term text
Content type code txt
Source rdacontent
337 ## - MEDIA TYPE
Media type term computer
Media type code c
Source rdamedia
338 ## - CARRIER TYPE
Carrier type term online resource
Carrier type code cr
Source rdacarrier
520 ## - SUMMARY, ETC.
Summary, etc. EPDF and EPUB available Open Access under CC-BY-NC-ND licence. Human service work is performed in many places : hospitals, shelters, households : and is characterised by a complex mixture of organising principles, relations and rules. Using ethnographic methods, researchers can investigate these site-specific complexities, providing multi-dimensional and compelling analyses. Bringing together both theoretical and practical material, this book shows researchers how ethnography can be carried out within human service settings. It provides an invaluable guide on how to apply ethnographic creativeness and offers a more humanistic and context-sensitive approach in the field of health and social care to generating valid knowledge about today's service work.
653 ## - INDEX TERM--UNCONTROLLED
Uncontrolled term Fieldwork
653 ## - INDEX TERM--UNCONTROLLED
Uncontrolled term Health And Social Care
653 ## - INDEX TERM--UNCONTROLLED
Uncontrolled term Human Service Organizations
653 ## - INDEX TERM--UNCONTROLLED
Uncontrolled term Institutional Ethnography
653 ## - INDEX TERM--UNCONTROLLED
Uncontrolled term Ethnography
700 1# - ADDED ENTRY--PERSONAL NAME
Personal name 0000-0001-6897-2162
700 1# - ADDED ENTRY--PERSONAL NAME
Personal name 0000-0003-3542-7218
700 1# - ADDED ENTRY--PERSONAL NAME
Personal name 600
700 1# - ADDED ENTRY--PERSONAL NAME
Personal name 600
700 1# - ADDED ENTRY--PERSONAL NAME
Personal name Gubrium, Jaber
700 1# - ADDED ENTRY--PERSONAL NAME
Personal name Jacobsson, Katarina
856 ## - ELECTRONIC LOCATION AND ACCESS
Uniform Resource Identifier <a href="https://docs.google.com/spreadsheets/d/1yKIrdCPDAG_9c22mwoOIO2DOhtj65Wqa/edit?usp=sharing&ouid=106555315294820607512&rtpof=true&sd=true ">https://docs.google.com/spreadsheets/d/1yKIrdCPDAG_9c22mwoOIO2DOhtj65Wqa/edit?usp=sharing&ouid=106555315294820607512&rtpof=true&sd=true </a>
Link text List of Curated E-Books
942 ## - ADDED ENTRY ELEMENTS (KOHA)
Koha item type E-Book

No items available.

University of Rizal System
Email us at univlibservices@urs.edu.ph

Visit our Website www.urs.edu.ph/library